Point the smallest country - Statistics

General Stats
  • This quiz has been taken 37 times
  • The average score is 9 of 10
Answers on the Map
Answers color-coded by a green-red scale on the quiz's map according to % correct below.
 
Answer Stats
Answer % Correct
Liechtenstein
100%
Andorra
97%
Vatican city
97%
Monaco
94%
San Marino
94%
Luxembourg
91%
Cyprus
85%
Malta
85%
Montenegro
79%
Kosovo
76%
No matching quizzes found
Score Distribution
Percent of People with Each Score
Percentile by Number Answered
Your Score History
You have not taken this quiz